[Event "Bayern-ch Seniors 25th"]
[Site "Bergen"]
[Date "2013.06.17"]
[Round "3.46"]
[White "Nefzger, Franz"]
[Black "Kunert, Helmut"]
[Result "1/2-1/2"]
[WhiteElo "1511"]
[BlackElo "1429"]
[PlyCount "60"]
[EventDate "2013.06.15"]
[EventType "swiss"]
[EventRounds "9"]
[EventCountry "GER"]
[SourceTitle "EXT 2022"]
[Source "ChessBase"]
[SourceDate "2021.10.06"]
[SourceVersion "1"]
[SourceVersionDate "2021.10.06"]
[SourceQuality "1"]

1. c4 e5 2. Nc3 Bc5 3. g3 Nf6 4. Nf3 Nc6 5. Bg2 d5 6. cxd5 Nxd5 7. 0-0 Nf6 8. d3 h6 9. a3 0-0 10. b4 Bd6 11. Bb2 Re8 12. Qc2 Bf5 13. Rad1 a6 14. Ne4 Nxe4 15. dxe4 Be6 16. Nxe5 Nxe5 17. Bxe5 Qe7 18. Bb2 c6 19. f4 Rac8 20. e5 Bb8 21. Bd4 c5 22. bxc5 Ba7 23. Rb1 b5 24. Rbc1 Red8 25. e3 Bc4 26. Rf2 Bxc5 27. Qe4 Bxa3 28. Ra1 b4 29. Bh3 Bd5 30. Qd3 Bc4 1/2-1/2

[Event "Bayern-ch Seniors 24nd"]
[Site "Bergen"]
[Date "2012.06.23"]
[Round "8"]
[White "Siegl, Wolfgang"]
[Black "Kunert, Helmut"]
[Result "0-1"]
[WhiteElo "1469"]
[BlackElo "1449"]
[PlyCount "66"]
[EventDate "2012.06.16"]
[EventType "swiss"]
[EventRounds "9"]
[EventCountry "GER"]
[SourceTitle "EXT 2015"]
[Source "ChessBase"]
[SourceDate "2014.11.20"]
[SourceVersion "1"]
[SourceVersionDate "2014.11.20"]
[SourceQuality "1"]

1. d4 Nf6 2. Nf3 e6 3. g3 d5 4. Bg2 c5 5. c4 cxd4 6. cxd5 Nxd5 7. Nxd4 Bc5 8. 0-0 Qb6 9. Nb3 Ne7 10. Nc3 Qd6 11. Qc2 Bb6 12. Bf4 e5 13. Rad1 Qg6 14. Be4 f5 15. Bxe5 fxe4 16. Rd6 Qg4 17. Nxe4 Bf5 18. Nbd2 Qxe2 19. Rxb6 Bxe4 20. Qa4+ Bc6 21. Rxc6 Nbxc6 22. Bc3 0-0-0 23. Nb3 Rd1 24. Rxd1 Qxd1+ 25. Kg2 Qd5+ 26. Kg1 Qd1+ 27. Kg2 Rf8 28. Qe4 Qd5 29. Qxd5 Nxd5 30. Bxg7 Re8 31. a3 Re7 32. Bf8 Re8 33. Bg7 b6 0-1

[Event "Bayern-ch Seniors 24nd"]
[Site "Bergen"]
[Date "2012.06.20"]
[Round "5"]
[White "Mahrla, Hans"]
[Black "Kunert, Helmut"]
[Result "1/2-1/2"]
[WhiteElo "1619"]
[BlackElo "1449"]
[PlyCount "69"]
[EventDate "2012.06.16"]
[EventType "swiss"]
[EventRounds "9"]
[EventCountry "GER"]
[SourceTitle "EXT 2015"]
[Source "ChessBase"]
[SourceDate "2014.11.20"]
[SourceVersion "1"]
[SourceVersionDate "2014.11.20"]
[SourceQuality "1"]

1. e4 c5 2. f4 e5 3. d3 Nc6 4. Nf3 d6 5. c3 Be7 6. Be2 Nf6 7. 0-0 0-0 8. f5 d5 9. Qc2 d4 10. c4 Nb4 11. Qd1 Qc7 12. a3 Nc6 13. h3 Nh5 14. Kh2 Nf4 15. Rf2 Nxe2 16. Qxe2 Bxf5 17. Kh1 Bg6 18. Nbd2 a5 19. Nf1 Qd8 20. Ng3 Bh4 21. Nxh4 Qxh4 22. Nf5 Bxf5 23. Rxf5 Qd8 24. Qg4 f6 25. Bd2 Ne7 26. Rf3 Qc8 27. Qg3 Ng6 28. Raf1 Qe6 29. Rf5 Rf7 30. h4 Ne7 31. R5f3 f5 32. exf5 Nxf5 33. Qf2 Raf8 34. g4 Nd6 35. Qg2 1/2-1/2

[Event "Bayern-ch Seniors 24nd"]
[Site "Bergen"]
[Date "2012.06.16"]
[Round "1"]
[White "Betz, Egon"]
[Black "Kunert, Helmut"]
[Result "1-0"]
[WhiteElo "1795"]
[BlackElo "1449"]
[PlyCount "55"]
[EventDate "2012.06.16"]
[EventType "swiss"]
[EventRounds "9"]
[EventCountry "GER"]
[SourceTitle "EXT 2015"]
[Source "ChessBase"]
[SourceDate "2014.11.20"]
[SourceVersion "1"]
[SourceVersionDate "2014.11.20"]
[SourceQuality "1"]

1. e4 c5 2. Nc3 Nc6 3. f4 d6 4. Nf3 g6 5. Bc4 e6 6. f5 gxf5 7. exf5 d5 8. Bb5 Bg7 9. fxe6 Bxe6 10. Bxc6+ bxc6 11. 0-0 Ne7 12. d3 Ng6 13. Ne2 Rb8 14. c3 0-0 15. Ng3 Nh4 16. Ng5 h6 17. Nxe6 fxe6 18. Rxf8+ Qxf8 19. Qg4 Nf5 20. Qe2 Re8 21. Nh5 Kh7 22. Bd2 Qd6 23. Nxg7 Nxg7 24. Rf1 Re7 25. Rf6 Nf5 26. Qh5 Qd8 27. Qg6+ Kh8 28. Bxh6 1-0

[Event "Bayern-ch Seniors 23rd"]
[Site "Bergen"]
[Date "2011.06.03"]
[Round "7"]
[White "Levin, Benjamin"]
[Black "Kunert, Helmut"]
[Result "1-0"]
[WhiteElo "1596"]
[BlackElo "1441"]
[PlyCount "99"]
[EventDate "2011.05.28"]
[EventType "swiss"]
[EventRounds "9"]
[EventCountry "GER"]
[SourceTitle "EXT 2012"]
[Source "ChessBase"]
[SourceDate "2011.11.24"]
[SourceVersion "1"]
[SourceVersionDate "2011.11.24"]
[SourceQuality "1"]

1. e4 c5 2. Nf3 Nc6 3. d4 cxd4 4. Nxd4 e5 5. Nxc6 bxc6 6. Bc4 Nf6 7. Qd3 Bc5 8. 0-0 0-0 9. Nc3 Bb7 10. Bg5 Be7 11. Bb3 Qc7 12. Rad1 Rad8 13. Qf3 d6 14. Rfe1 Ne8 15. Be3 Ba8 16. Qg3 Kh8 17. f4 f5 18. exf5 Rxf5 19. fxe5 Rxe5 20. Bf4 Rxe1+ 21. Rxe1 Bf6 22. Rd1 Qb6+ 23. Kh1 Bxc3 24. Qxc3 Nf6 25. Be3 Qb7 26. Qd2 Ne4 27. Qe2 Rf8 28. c3 Qe7 29. Bc4 Qh4 30. Kg1 Bb7 31. Bd3 Nf6 32. Rf1 c5 33. g3 Qa4 34. Bb5 Qe4 35. Bf4 Ng4 36. Qxe4 Bxe4 37. Bxd6 Rxf1+ 38. Kxf1 Nxh2+ 39. Kg1 Ng4 40. Bxc5 Ne5 41. Bxa7 Kg8 42. Bd4 Bd3 43. Bxd3 Nxd3 44. b4 Ne1 45. Kf2 Nc2 46. a4 Na3 47. a5 Nb5 48. a6 Nc7 49. a7 Kf7 50. b5 1-0

[Event "Bayern-ch Seniors 23rd"]
[Site "Bergen"]
[Date "2011.06.02"]
[Round "6"]
[White "Kunert, Helmut"]
[Black "Block, Bernhard"]
[Result "1/2-1/2"]
[WhiteElo "1441"]
[BlackElo "1459"]
[PlyCount "43"]
[EventDate "2011.05.28"]
[EventType "swiss"]
[EventRounds "9"]
[EventCountry "GER"]
[SourceTitle "EXT 2012"]
[Source "ChessBase"]
[SourceDate "2011.11.24"]
[SourceVersion "1"]
[SourceVersionDate "2011.11.24"]
[SourceQuality "1"]

1. e4 e6 2. d4 d5 3. exd5 exd5 4. Nf3 Nf6 5. Bd3 Bd6 6. 0-0 0-0 7. Nc3 c6 8. Bg5 Bg4 9. Re1 Nbd7 10. Be2 Qc7 11. h3 Bf5 12. Nh4 Be6 13. Bd3 Bf4 14. Nf3 h6 15. Bxf4 Qxf4 16. Ne2 Qd6 17. Ng3 Rfe8 18. Qd2 Nf8 19. Re2 Ng6 20. Bxg6 fxg6 21. Rae1 Bf7 22. Rxe8+ 1/2-1/2

[Event "Bayern-ch Seniors 23rd"]
[Site "Bergen"]
[Date "2011.05.29"]
[Round "2"]
[White "Kunert, Helmut"]
[Black "Klimpel, Siegfried"]
[Result "1-0"]
[WhiteElo "1441"]
[BlackElo "1688"]
[PlyCount "69"]
[EventDate "2011.05.28"]
[EventType "swiss"]
[EventRounds "9"]
[EventCountry "GER"]
[SourceTitle "EXT 2012"]
[Source "ChessBase"]
[SourceDate "2011.11.24"]
[SourceVersion "1"]
[SourceVersionDate "2011.11.24"]
[SourceQuality "1"]

1. e4 c5 2. Nf3 e6 3. d4 cxd4 4. Nxd4 a6 5. Nc3 Be7 6. Bd3 d6 7. 0-0 Nf6 8. Re1 Nbd7 9. Be3 Nc5 10. Nf3 Nxd3 11. cxd3 0-0 12. Qb3 b5 13. Rac1 Bb7 14. a4 Rb8 15. Ba7 Ra8 16. Be3 Ng4 17. axb5 Nxe3 18. bxa6 Bxa6 19. Rxe3 Rb8 20. Qa2 Qc8 21. Qb1 Qb7 22. Rc2 d5 23. exd5 Bc5 24. d4 Ba7 25. dxe6 fxe6 26. Qa2 Rbc8 27. Qxe6+ Kh8 28. Qe7 Qb3 29. Rd2 Bb8 30. Ne4 Qc4 31. Rd1 Bf4 32. Nd6 Bxd6 33. Qxd6 Qc2 34. Rde1 Be2 35. R3xe2 1-0

[Event "Bayern-ch Seniors 22nd"]
[Site "Bergen"]
[Date "2010.06.14"]
[Round "3"]
[White "Lederer, Helmut"]
[Black "Kunert, Helmut"]
[Result "1/2-1/2"]
[WhiteElo "1529"]
[BlackElo "1461"]
[PlyCount "61"]
[EventDate "2010.06.12"]
[EventType "swiss"]
[EventRounds "9"]
[EventCountry "GER"]
[SourceTitle "EXT 2011"]
[Source "ChessBase"]
[SourceDate "2010.11.26"]
[SourceVersion "1"]
[SourceVersionDate "2010.11.26"]
[SourceQuality "1"]

1. Nf3 Nf6 2. d4 e6 3. Nc3 b6 4. e4 Bb4 5. Bd2 Bxc3 6. bxc3 Nxe4 7. Bd3 Bb7 8. 0-0 Nxd2 9. Nxd2 Qg5 10. Be4 Bxe4 11. Nxe4 Qg6 12. Re1 d5 13. Ng3 0-0 14. Qd2 Nd7 15. Rac1 b5 16. Re3 c5 17. Ne2 Qh6 18. f4 c4 19. Rh3 Qf6 20. Rf1 Qe7 21. Rff3 f5 22. Qe1 Nf6 23. Qh4 Kf7 24. Qe1 Rh8 25. Rhg3 Ne4 26. Rh3 h5 27. Ng3 Nxg3 28. Rhxg3 Rag8 29. Rg5 g6 30. Re3 h4 31. Rh3 1/2-1/2

[Event "Bayern-ch Seniors 21st"]
[Site "Bergen"]
[Date "2009.06.27"]
[Round "8"]
[White "Kunert, Helmut"]
[Black "Hund, Gerhard"]
[Result "1-0"]
[WhiteElo "1500"]
[BlackElo "1935"]
[PlyCount "89"]
[EventDate "2009.06.20"]
[EventType "swiss"]
[EventRounds "9"]
[EventCountry "GER"]
[SourceTitle "EXT 2015"]
[Source "ChessBase"]
[SourceDate "2014.11.20"]
[SourceVersion "1"]
[SourceVersionDate "2014.11.20"]
[SourceQuality "1"]

1. e4 c5 2. Nf3 d6 3. d4 cxd4 4. Nxd4 Nf6 5. Nc3 a6 6. Bc4 e6 7. 0-0 Qc7 8. Bb3 b5 9. Re1 Be7 10. Bg5 b4 11. Nce2 0-0 12. Ng3 h6 13. Bxf6 Bxf6 14. Nh5 Qe7 15. Re3 Bb7 16. Qd2 a5 17. Rae1 Bxd4 18. Qxd4 e5 19. Qd2 Na6 20. Rg3 g5 21. h4 Nc5 22. hxg5 Nxe4 23. Rxe4 Bxe4 24. g6 d5 25. gxf7+ Kxf7 26. Rg7+ Ke8 27. Rxe7+ Kxe7 28. f3 Bg6 29. Qxh6 Bxh5 30. Qxh5 Kd6 31. Qg6+ Kc5 32. Qd3 Rfd8 33. Qe3+ Kd6 34. Qb6+ Ke7 35. Bxd5 Rxd5 36. Qb7+ Ke6 37. Qxa8 Rc5 38. Qf8 Kd5 39. Qxc5+ Kxc5 40. g4 Kd4 41. Kf2 e4 42. f4 a4 43. g5 a3 44. bxa3 bxa3 45. g6 1-0

[Event "Bayern-ch Seniors 21st"]
[Site "Bergen"]
[Date "2009.06.26"]
[Round "7"]
[White "Bilyavskyy, Borys"]
[Black "Kunert, Helmut"]
[Result "1-0"]
[WhiteElo "1817"]
[BlackElo "1500"]
[PlyCount "58"]
[EventDate "2009.06.20"]
[EventType "swiss"]
[EventRounds "9"]
[EventCountry "GER"]
[SourceTitle "EXT 2015"]
[Source "ChessBase"]
[SourceDate "2014.11.20"]
[SourceVersion "1"]
[SourceVersionDate "2014.11.20"]
[SourceQuality "1"]

1. e4 c5 2. Nc3 Nc6 3. f4 e5 4. f5 g6 5. Bc4 gxf5 6. Qh5 d5 7. Bxd5 Qe7 8. Nf3 Nf6 9. Bxc6+ bxc6 10. Qh4 Rg8 11. 0-0 f4 12. h3 Rg6 13. d3 Rg3 14. Ne2 Rg6 15. b3 Rh6 16. Qe1 Rg6 17. Nh4 Rh6 18. Nf5 Bxf5 19. exf5 Qd7 20. Bb2 Nd5 21. Nxf4 0-0-0 22. Nxd5 cxd5 23. Qxe5 Bd6 24. Qg7 Bf8 25. Qg5 d4 26. Rae1 f6 27. Qg4 Qd5 28. Bc1 Kb7 29. Bxh6 Bxh6 1-0

[Event "Bayern-ch Seniors 21st"]
[Site "Bergen"]
[Date "2009.06.21"]
[Round "2"]
[White "Kunert, Helmut"]
[Black "Schurig, Wilhelm"]
[Result "0-1"]
[WhiteElo "1500"]
[BlackElo "1900"]
[PlyCount "48"]
[EventDate "2009.06.20"]
[EventType "swiss"]
[EventRounds "9"]
[EventCountry "GER"]
[SourceTitle "EXT 2015"]
[Source "ChessBase"]
[SourceDate "2014.11.20"]
[SourceVersion "1"]
[SourceVersionDate "2014.11.20"]
[SourceQuality "1"]

1. e4 g6 2. d4 Bg7 3. Nf3 d6 4. Bc4 e6 5. Nc3 Ne7 6. Bg5 a6 7. a4 b6 8. d5 e5 9. Qd2 h6 10. Be3 Nd7 11. b4 Nf6 12. 0-0 g5 13. b5 a5 14. Rad1 Ng6 15. Nxg5 hxg5 16. Bxg5 Nf4 17. Ne2 Nxe4 18. Bxd8 Nxd2 19. Rxd2 Nxe2+ 20. Rxe2 Kxd8 21. f4 Bg4 22. Ree1 f5 23. h3 exf4 24. hxg4 Bd4+ 0-1

[Event "Chiemgau Seniors Cup 3th"]
[Site "Bergen"]
[Date "2007.10.28"]
[Round "7"]
[White "Schoerghuber, Kurt"]
[Black "Kunert, Helmut"]
[Result "1-0"]
[WhiteElo "1549"]
[BlackElo "1468"]
[PlyCount "51"]
[EventDate "2007.10.22"]
[EventType "swiss"]
[EventRounds "9"]
[EventCountry "GER"]
[SourceTitle "EXT 2008"]
[Source "ChessBase"]
[SourceDate "2007.11.25"]
[SourceVersion "1"]
[SourceVersionDate "2007.11.25"]
[SourceQuality "1"]

1. e4 c5 2. f4 Nc6 3. c3 e5 4. d3 d6 5. Nf3 Bg4 6. Be2 Be7 7. 0-0 Nf6 8. Be3 0-0 9. Nbd2 Qc7 10. h3 Bd7 11. Qc2 Rac8 12. f5 d5 13. c4 Rfe8 14. Rf2 d4 15. Bg5 h6 16. Bh4 g5 17. Bg3 Bd6 18. Raf1 Kg7 19. Nh2 h5 20. h4 Ng4 21. f6+ Kh6 22. hxg5+ Kxg5 23. Bd1 Kh6 24. Ndf3 Bf8 25. Qd2+ Kh7 26. Ng5+ 1-0

[Event "Chiemgau Seniors Cup 3th"]
[Site "Bergen"]
[Date "2007.10.25"]
[Round "4"]
[White "Kunert, Helmut"]
[Black "Erdmann, Wolfgang"]
[Result "0-1"]
[WhiteElo "1468"]
[BlackElo "1513"]
[PlyCount "124"]
[EventDate "2007.10.22"]
[EventType "swiss"]
[EventRounds "9"]
[EventCountry "GER"]
[SourceTitle "EXT 2008"]
[Source "ChessBase"]
[SourceDate "2007.11.25"]
[SourceVersion "1"]
[SourceVersionDate "2007.11.25"]
[SourceQuality "1"]

1. e4 d6 2. d4 Nf6 3. Nc3 g6 4. Nf3 Bg7 5. Be2 b6 6. 0-0 Bb7 7. Be3 Nxe4 8. Nxe4 Bxe4 9. Ng5 Bb7 10. Bf3 c6 11. c3 d5 12. Bg4 Nd7 13. Be6 0-0 14. Nxf7 Rxf7 15. Qf3 Nf6 16. Bg5 Bc8 17. Bxf7+ Kxf7 18. Rfe1 Bf5 19. Re3 Qd6 20. Rae1 Re8 21. h3 Be4 22. Bf4 Bxf3 23. Bxd6 exd6 24. gxf3 Rxe3 25. fxe3 Bh6 26. Kf2 Bg5 27. Kg3 h5 28. h4 Bh6 29. Re2 Ng8 30. e4 dxe4 31. fxe4 Ke7 32. d5 c5 33. e5 Bc1 34. exd6+ Kxd6 35. Re6+ Kxd5 36. Rxg6 Ne7 37. Rg7 Kd6 38. Rh7 Bxb2 39. c4 Nf5+ 40. Kh3 Ng7 41. Rh6+ Ke5 42. Rg6 Ke4 43. Rd6 Nf5 44. Rd7 a6 45. Rb7 Ba3 46. Rxb6 a5 47. Rb8 Kd4 48. Rf8 Ne3 49. Rh8 Nxc4 50. Rxh5 Ne3 51. Rh8 c4 52. h5 c3 53. h6 c2 54. Rc8 Be7 55. h7 Bf6 56. Rd8+ Kc3 57. Rc8+ Kd2 58. Rd8+ Kc1 59. h8Q Bxh8 60. Rxh8 Kb2 61. Rb8+ Kc3 62. Rc8+ Nc4 0-1

[Event "Bayern-ch Seniors 18th"]
[Site "Schloss Schney"]
[Date "2006.07.01"]
[Round "7"]
[White "Fels, Karl Heinz"]
[Black "Kunert, Helmut"]
[Result "1-0"]
[WhiteElo "1766"]
[BlackElo "1480"]
[PlyCount "87"]
[EventDate "2006.06.25"]
[EventType "swiss"]
[EventRounds "9"]
[EventCountry "GER"]
[SourceTitle "EXT 2007"]
[Source "ChessBase"]
[SourceDate "2006.11.23"]
[SourceVersion "1"]
[SourceVersionDate "2006.11.23"]
[SourceQuality "1"]

1. e4 c5 2. Nf3 Nc6 3. d4 cxd4 4. Nxd4 a6 5. Nc3 e5 6. Nf3 Nf6 7. Bg5 Be7 8. Qd2 Bb4 9. Bd3 0-0 10. 0-0-0 Qa5 11. a3 Bxc3 12. Qxc3 Qxc3 13. bxc3 Ng4 14. Bh4 b5 15. h3 Nh6 16. g4 f6 17. g5 fxg5 18. Nxg5 Rf4 19. Bg3 Rf6 20. Be2 d6 21. Rd2 Bb7 22. Rhd1 Rd8 23. Nf3 Re6 24. a4 Na7 25. axb5 axb5 26. Bh4 Rd7 27. Ng5 Rf6 28. c4 Nf7 29. Nxf7 Kxf7 30. Bxf6 gxf6 31. Bg4 Rd8 32. Rxd6 Rxd6 33. Rxd6 Bc6 34. cxb5 Bxb5 35. c4 Bc6 36. f3 Ke7 37. Rd2 Be8 38. Kb2 Nc6 39. Kc3 Nd4 40. Rf2 h5 41. Bc8 Kd8 42. Bb7 h4 43. f4 exf4 44. Kxd4 1-0

[Event "Bayern-ch Seniors 18th"]
[Site "Schloss Schney"]
[Date "2006.06.28"]
[Round "4"]
[White "Kunert, Helmut"]
[Black "Paulsen, Eckart"]
[Result "1-0"]
[WhiteElo "1480"]
[BlackElo "1646"]
[PlyCount "83"]
[EventDate "2006.06.25"]
[EventType "swiss"]
[EventRounds "9"]
[EventCountry "GER"]
[SourceTitle "EXT 2007"]
[Source "ChessBase"]
[SourceDate "2006.11.23"]
[SourceVersion "1"]
[SourceVersionDate "2006.11.23"]
[SourceQuality "1"]

1. e4 b6 2. Nc3 Bb7 3. d4 e6 4. Nf3 Bb4 5. Bd3 Bxc3+ 6. bxc3 Nf6 7. e5 Nd5 8. Bd2 Na6 9. a3 Ne7 10. 0-0 c5 11. Ng5 h6 12. Ne4 Bxe4 13. Bxe4 Rc8 14. Bb7 Nc7 15. Bxc8 Qxc8 16. Qg4 Nf5 17. a4 c4 18. Rfb1 Qb7 19. Qe2 Nh4 20. f3 0-0 21. Qxc4 Rc8 22. d5 Nf5 23. d6 Nd5 24. Qb3 Qc6 25. Qb5 Nxc3 26. Qxc6 Rxc6 27. Bxc3 Rxc3 28. a5 Rc5 29. axb6 axb6 30. Rxb6 Rxe5 31. Ra8+ Kh7 32. Rd8 Rd5 33. Rxd7 Rd1+ 34. Kf2 Rd2+ 35. Ke1 Rxg2 36. Rxf7 Rg1+ 37. Kf2 Rd1 38. d7 Kg8 39. Rb7 Rd5 40. c4 Rd2+ 41. Ke1 Rd5 42. cxd5 1-0

[Event "Bayern-ch Seniors 18th"]
[Site "Schloss Schney"]
[Date "2006.06.26"]
[Round "2"]
[White "Kunert, Helmut"]
[Black "Winkler, Karl Heinz"]
[Result "0-1"]
[WhiteElo "1480"]
[BlackElo "1702"]
[PlyCount "36"]
[EventDate "2006.06.25"]
[EventType "swiss"]
[EventRounds "9"]
[EventCountry "GER"]
[SourceTitle "EXT 2007"]
[Source "ChessBase"]
[SourceDate "2006.11.23"]
[SourceVersion "1"]
[SourceVersionDate "2006.11.23"]
[SourceQuality "1"]

1. e4 Nc6 2. Nf3 e5 3. Bc4 h6 4. d4 exd4 5. 0-0 Bc5 6. c3 dxc3 7. Nxc3 d6 8. e5 Bg4 9. exd6 Bxd6 10. Re1+ Nge7 11. Bxf7+ Kxf7 12. Ng5+ hxg5 13. Qxg4 Qc8 14. Qe4 Kf8 15. g3 Qh3 16. Bxg5 Qxh2+ 17. Kf1 Qh1+ 18. Ke2 Qh5+ 0-1

[Event "Chiemgau Seniors Cup 1st"]
[Site "Bergen"]
[Date "2005.10.16"]
[Round "6"]
[White "Conitz, Helmut"]
[Black "Kunert, Helmut"]
[Result "0-1"]
[WhiteElo "1451"]
[BlackElo "1418"]
[PlyCount "122"]
[EventDate "2005.10.11"]
[EventType "swiss"]
[EventRounds "9"]
[EventCountry "GER"]
[SourceTitle "EXT 2007"]
[Source "ChessBase"]
[SourceDate "2006.11.23"]
[SourceVersion "1"]
[SourceVersionDate "2006.11.23"]
[SourceQuality "1"]

1. e4 c5 2. Nf3 Nc6 3. c3 d6 4. Bb5 Bd7 5. Bxc6 Bxc6 6. Qe2 a6 7. d3 e5 8. b3 Nf6 9. 0-0 Be7 10. c4 0-0 11. Bb2 b5 12. Nbd2 Rb8 13. Rfc1 b4 14. a4 a5 15. h3 Nh5 16. Bxe5 f5 17. Bh2 fxe4 18. dxe4 Nf4 19. Qf1 Qd7 20. Re1 Qb7 21. g3 Ng6 22. Qe2 Rbe8 23. Ra2 Bf6 24. Qd3 Bc3 25. Re2 Bxd2 26. Nxd2 Ne5 27. Qe3 d5 28. cxd5 Bxd5 29. f4 Nd7 30. Qd3 Bc6 31. Qc4+ Kh8 32. Ra1 Rf6 33. Rae1 Rfe6 34. Kf1 Nf6 35. e5 Nd5 36. Qxc5 Nc3 37. Re3 Bg2+ 38. Kf2 Bh1 39. Nf3 Bxf3 40. Rxc3 bxc3 41. Qxc3 Rc8 42. Qxf3 Rc2+ 43. Re2 Qxf3+ 44. Kxf3 Rc3+ 45. Re3 Rxe3+ 46. Kxe3 Rb6 47. Ke4 Rxb3 48. e6 Rb4+ 49. Kd5 Kg8 50. Bg1 Rxa4 51. Kd6 Ra3 52. Bd4 Rd3 53. Ke5 Kf8 54. f5 Rxg3 55. h4 Rh3 56. Bf2 a4 57. Kf4 Ke8 58. Kg4 Rd3 59. Kg5 a3 60. h5 a2 61. h6 a1Q 0-1

[Event "Chiemgau Seniors Cup 1st"]
[Site "Bergen"]
[Date "2005.10.15"]
[Round "5"]
[White "Kunert, Helmut"]
[Black "Buerger, Helmut"]
[Result "1/2-1/2"]
[WhiteElo "1418"]
[BlackElo "1510"]
[PlyCount "67"]
[EventDate "2005.10.11"]
[EventType "swiss"]
[EventRounds "9"]
[EventCountry "GER"]
[SourceTitle "EXT 2007"]
[Source "ChessBase"]
[SourceDate "2006.11.23"]
[SourceVersion "1"]
[SourceVersionDate "2006.11.23"]
[SourceQuality "1"]

1. e4 c5 2. c3 e6 3. d4 d5 4. e5 a6 5. Nf3 h6 6. Be3 c4 7. b3 b5 8. a4 Bb7 9. Be2 Nc6 10. 0-0 Na5 11. Nbd2 Qc7 12. b4 Nc6 13. axb5 axb5 14. Rxa8+ Bxa8 15. Qc2 Nge7 16. Ra1 Bb7 17. Nb1 Nf5 18. Bd2 Be7 19. g4 Nh4 20. Na3 Qb6 21. Be3 0-0 22. Qb2 Ra8 23. Nc2 Ra4 24. Rxa4 bxa4 25. Qa2 Nxf3+ 26. Bxf3 Qa6 27. Bd1 Na7 28. Na3 Bc6 29. Bc1 Nb5 30. Nxb5 Bxb5 31. f4 Kf8 32. Ba3 Kg8 33. Bc1 Bh4 34. Kf1 1/2-1/2

[Event "Wuerttemberg-ch Seniors 15th"]
[Site "Ellwangen"]
[Date "2003.04.19"]
[Round "9"]
[White "Kunert, Helmut"]
[Black "Hartlaub, Marianne"]
[Result "1-0"]
[WhiteElo "1467"]
[BlackElo "1544"]
[PlyCount "87"]
[EventDate "2003.04.??"]
[EventType "swiss"]
[EventRounds "9"]
[EventCountry "GER"]
[SourceTitle "EXT 2006"]
[Source "ChessBase"]
[SourceDate "2005.11.24"]
[SourceVersion "1"]
[SourceVersionDate "2005.11.24"]
[SourceQuality "1"]

1. e4 d6 2. Nf3 Bg4 3. Be2 e5 4. c3 Nf6 5. h3 Bxf3 6. Bxf3 c6 7. d4 Qc7 8. 0-0 Be7 9. Be3 Nbd7 10. Nd2 b5 11. a4 0-0 12. axb5 cxb5 13. d5 Rfc8 14. Qe2 a6 15. Rfc1 Qb7 16. Nb3 Bd8 17. Nd2 Bb6 18. Rc2 Bxe3 19. Qxe3 Nb6 20. Nb3 Nc4 21. Qe1 Rc7 22. Na5 Nxa5 23. Rxa5 Qb6 24. Qa1 Nd7 25. Be2 Nc5 26. Rxb5 Qa7 27. Rb4 a5 28. Rc4 a4 29. Rb4 Rb7 30. Bb5 Qa5 31. Bc6 Rbb8 32. Bxa8 Qxa8 33. Rxb8+ Qxb8 34. f3 Qa7 35. Kh2 g6 36. b4 Nb3 37. Qa3 Qd7 38. Ra2 f6 39. Qxa4 Qxa4 40. Rxa4 Nd2 41. b5 Nb3 42. b6 Nc5 43. b7 Nxb7 44. Ra8+ 1-0

[Event "Wuerttemberg-ch Seniors 15th"]
[Site "Ellwangen"]
[Date "2003.04.17"]
[Round "7"]
[White "Kunert, Helmut"]
[Black "Detmer, Herbert"]
[Result "1/2-1/2"]
[WhiteElo "1467"]
[BlackElo "1448"]
[PlyCount "52"]
[EventDate "2003.04.??"]
[EventType "swiss"]
[EventRounds "9"]
[EventCountry "GER"]
[SourceTitle "EXT 2006"]
[Source "ChessBase"]
[SourceDate "2005.11.24"]
[SourceVersion "1"]
[SourceVersionDate "2005.11.24"]
[SourceQuality "1"]

1. e4 c5 2. f4 Nc6 3. Nf3 e6 4. Nc3 a6 5. a4 Be7 6. b3 d6 7. Bb2 Nf6 8. Be2 Qc7 9. d4 cxd4 10. Nxd4 Qa5 11. 0-0 d5 12. Nxc6 bxc6 13. exd5 cxd5 14. Bd3 h5 15. h3 Bd7 16. Ne2 h4 17. Bc3 Qc7 18. Bd4 0-0 19. c4 dxc4 20. Bxc4 Rfd8 21. Rc1 Qb7 22. f5 exf5 23. Nf4 Kf8 24. Bxf6 gxf6 25. Qh5 Bc5+ 26. Kh2 Bc8 1/2-1/2

[Event "Wuerttemberg-ch Seniors 15th"]
[Site "Ellwangen"]
[Date "2003.04.11"]
[Round "1"]
[White "Kunert, Helmut"]
[Black "Schmid, Hartmut"]
[Result "0-1"]
[WhiteElo "1467"]
[BlackElo "2117"]
[PlyCount "46"]
[EventDate "2003.04.??"]
[EventType "swiss"]
[EventRounds "9"]
[EventCountry "GER"]
[SourceTitle "EXT 2006"]
[Source "ChessBase"]
[SourceDate "2005.11.24"]
[SourceVersion "1"]
[SourceVersionDate "2005.11.24"]
[SourceQuality "1"]

1. e4 c5 2. Nf3 Nf6 3. Nc3 e6 4. d3 d5 5. exd5 exd5 6. Bg5 Be7 7. Qe2 0-0 8. 0-0-0 Nc6 9. h3 Be6 10. d4 Re8 11. g4 cxd4 12. Nxd4 Nxd4 13. Rxd4 Qb6 14. Be3 Qc7 15. Bg2 Rad8 16. Rhd1 Bc5 17. Bf4 Qc8 18. Ra4 Bxg4 19. Qxe8+ Rxe8 20. hxg4 d4 21. Nb5 Qxg4 22. Bg3 Qg5+ 23. Kb1 Qd2 0-1